Literature

Bibliographic Details
Main Authors: Duff, Alan , 1942- (Author), Maley, Alan (Author)
Format: Book
Published: Oxford : Oxford University Press , 1990
Series:Resource books for teachers
Subjects:

MARC

LEADER 00000cam a2200000 7i4500
001 0000036331
005 20180212093000.0
008 021119n
020 |a 0194370941 
090 0 0 |a LB1631   |b .D9 1990 
100 0 |a Duff, Alan ,   |d 1942- ,   |e author 
245 0 0 |a Literature   |c Alan Duff & Alan Maley 
260 2 |a Oxford :   |b Oxford University Press ,   |c 1990 
300 |a 167 p. ; ;   |c 25 cm. 
440 0 0 |a Resource books for teachers 
650 0 |a English literature   |x Study and teaching 
700 0 |a Maley, Alan ,   |e author 
999 |a 1000079365   |b Book   |c OPEN SHELF (30 DAYS)   |e Gong Badak Campus